• 首页
  • 本馆介绍
  • 公告通知
  • 最新文献
  • 馆藏检索
  • 电子资源
  • 读者导购
  • 参考咨询
  • 我的图书馆
  • 登录
  • 详细信息显示
  • 放入我的书架
  • 预约/预借图书
  • 作者相关作品
  • 分类相关作品
  • 丛书相关作品
  • 出版社相关作品

书目信息

  • 表格格式
  • 工作单格式
  • 卡片格式
题名:
治疗用生物制品病毒污染风险控制要点
    
 
作者: 张伟 , 石磊 主编
分册:  
出版信息: 北京   中国医药科技出版社  2021.1
页数: 214页
开本: 24cm
丛书名:
单 册:
中图分类: X787
科图分类:
主题词: 生物制品--病毒--环境污染--风险管理--指南
电子资源:
ISBN: 978-7-5214-2195-8
000 01176nam0 2200265 45
001 012001000811
005 20140912082406.0
010    @a978-7-5214-2195-8@dCNY75.00
100    @a20210408d2021 em y0chiy50 ea
101 0  @achi
102    @aCN@b110000
105    @ay z 000yy
106    @ar
200 1  @a治疗用生物制品病毒污染风险控制要点@Azhi liao yong sheng wu zhi pin bing du wu ran feng xian kong zhi yao dian@b专著@f国家药典委员会,中国食品药品国际交流中心组织编写
210    @a北京@c中国医药科技出版社@d2021.1
215    @a214页@d24cm
300    @a并列题名:Key points on risk control for virus contamination of therapeutic biological products
330    @a本书分为7个部分,内容包括:治疗用生物制品病毒安全概述、国内外病毒安全相关法规及综述、病毒污染源、病毒污染筛查和检测方法、病毒灭活/去除工艺建立与验证、病毒污染风险控制策略、展望。
510 1  @aKey points on risk control for virus contamination of therapeutic biological products@zeng
606 0  @a生物制品@x病毒@x环境污染@x风险管理@j指南
690    @aX787@v5
701  0 @a张伟@Azhang wei@4主编
701  0 @a石磊@Ashi lei@4主编
801  0 @aCN@bBJSDL@c20211011
905    @b1332203-6@dX787@e341@f4
    
    治疗用生物制品病毒污染风险控制要点/国家药典委员会,中国食品药品国际交流中心组织编写.-北京:中国医药科技出版社,2021.1
    214页;24cm
    并列题名:Key points on risk control for virus contamination of therapeutic biological products
    
    ISBN 978-7-5214-2195-8:CNY75.00
    本书分为7个部分,内容包括:治疗用生物制品病毒安全概述、国内外病毒安全相关法规及综述、病毒污染源、病毒污染筛查和检测方法、病毒灭活/去除工艺建立与验证、病毒污染风险控制策略、展望。
●
相关链接 在E读中查询图书 在五车中查询图书 在当当中查询图书 在豆瓣中查询图书


正题名:治疗用生物制品病毒污染风险控制要点     索取号:X787/341         预约/预借

序号 登录号 条形码 馆藏地/架位号 状态 备注
1 1332203   213322037   第二样本阅览室/ [索取号:X787/341] 在馆    
2 1332204   213322046   第三借阅区/ [索取号:X787/341] 在馆    
3 1332205   213322055   第三借阅区/ [索取号:X787/341] 在馆    
4 1332206   213322064   第三借阅区/ [索取号:X787/341] 在馆    
唐山师范学院图书馆 欢迎您!
大连网信软件有限公司© 版权所有